Statistics for Midwest Cities By Wikipedia Description

Click here to take the quiz!

General Stats

  • This quiz has been taken 46 times
  • The average score is 13 of 21

Answer Stats

DescriptionCity% Correct
O'Hare International Airport is routinely ranked among the world's top six busiest airports by passenger trafficChicago
100%
Known for its contributions to music, art, architecture and design, in addition to its historical automotive backgroundDetroit
97%
Nicknamed the "City of Lakes", [ ] is abundant in water, with thirteen lakes, wetlands, the Mississippi River, creeks, and waterfallsMinneapolis
85%
The city has notable niche markets in amateur sports and auto racingIndianapolis
82%
Founded in the 1830s as a port on the Missouri River at its confluence with the Kansas River from the westKansas City
74%
In 1869, the University of Nebraska was established `Lincoln
74%
Minneapolis is mostly across the Mississippi River to the west. Together, they are known as the "Twin Cities"St. Paul
74%
Point of embarkation for the Corps of Discovery on the United States' sponsored Lewis and Clark Expedition to explore the Louisiana PurchaseSt. Louis
71%
The second-most populous city in the Midwest after ChicagoColumbus
68%
Its history was heavily influenced by German immigrants in the 19th centuryMilwaukee
68%
A port city, connected to the Atlantic Ocean via the Saint Lawrence Seaway.Cleveland
65%
Has been called the "Chili Capital of America" and "of the World"Cincinnati
56%
It is the site of the first caucuses of the presidential primary cycleDes Moines
56%
Built in 1794 by the United States Army under the direction of American Revolutionary War general Anthony WayneFort Wayne
50%
Founded along the Missouri River, and a crossing called Lone Tree Ferry earned the city its nickname, the "Gateway to the West"Omaha
50%
After the 1845 completion of the Miami and Erie Canal, [ ] grew quicklyToledo
50%
Fort Dakota, a military reservation established in present-day downtown, was established in May 1865.Sioux Falls
47%
It became a destination for cattle drives traveling north from Texas to Kansas railroadsWichita
47%
Located on an isthmus and lands surrounding five lakesMadison
44%
The childhood home of U.S. President Gerald FordGrand Rapids
32%
Founded in 1871 on the Red River of the North floodplainFargo
29%

Score Distribution

Percentile by Number Answered

Percent of People with Each Score

Your Score History

You have not taken this quiz